00664nam a2200181 a 450000100060000000300080000600500170001400800410003103500190007204000230009104100080011408200240012224501320014626000620027830000210034065000350036171000860039650909BD-RjUL20211209075601.0160829s1966 fr 100 0 eng  a(BD-RjUL)51029 aDLCcDLCdDLCbeng aeng00a378.00601bREP 196610aReport of the fourth general conference of the International Association of Universities :bTokyo, 31 August-6 September 1965 / aParis :bInternational Association of Universities,c1966 a263 p. ;c24 cm. 0aEducation, HigherxCongresses. aInternational Association of Universities.bGeneral Conference. 4th, Tokyo, 1965.